00882nam a2200241Ia 450000100060000000300090000600800410001504000130005604000130006904100130008210000180009510000290011324500280014224500600017025000110023026000120024126000200025326000490027330000590032250001920038165000360057365000310060919007IT-RoPAU130308s9999 xx 000 0 und d aIT-RoPAU cIT-RoPAU aITALIANO aKezich Tullio gCodice Aut. SPICS: 5096 aArmata delle ombre (L') bVenezia 32,82-Biennale mostra internazionale del Cinema a1a ed. aVENEZIA bLa Biennale/Eri c1982 [1° Ed.:1982 - Ed.Ling.Originale:1982] a"21 p. (prefazione: no ; testo: 21 [pagine: 101-121])" aVittorio De Sica I Premiati di Hollywood Coppa del Duce Jean Gabin Rossellini Shakespeare Visconti Kurosawa e I samurai Antonioni Fellini Chaplin Cinema di Papà I Nuovi del Nuovo Cinema aMANIFESTAZIONI CINEMATOGRAFICHE eCodice materia Spics: 6815